| 000 | 03948nam0a2200445 4500 | ||
|---|---|---|---|
| 001 | RU\NLR\BIBL_A\016329797 | ||
| 005 | 20230428144655.0 | ||
| 010 |
_a978-5-00207-122-7 _9300 |
||
| 021 |
_aRU _bКН-П-23-010526 _9КН-П-23-1033 |
||
| 035 | _a(NLR Aleph) 016329797 | ||
| 035 | _a(RuMoRGB)011606719 | ||
| 090 |
_a13057002 _c13057002 |
||
| 100 | _a20230330d2022 k y0rusy50 ca | ||
| 101 | 0 |
_arus _aeng _deng |
|
| 102 | _aRU | ||
| 105 | _aa z 001zy | ||
| 181 | 0 |
_ai3 _baxxe |
|
| 182 | 0 | _an | |
| 200 | 1 |
_aАмфоры VII-I вв. до н. э. из собрания Краснодарского государственного историко-археологического музея-заповедника имени Е. Д. Фелицына _eмонография _fС. Ю. Монахов, И. И. Марченко, Н. Ю. Лимберис [и др.] _gФедеральное государственное бюджетное образовательное учреждение высшего образования "Саратовский национальный исследовательский государственный университет имени Н. Г. Чернышевского", Институт археологии и культурного наследия, Кафедра истории древнего мира |
|
| 203 |
_aТекст _bвизуальный _cнепосредственный |
||
| 210 |
_aСаратов _cАмирит _d2022 |
||
| 215 |
_a301 с. _cил., цв. ил. _d30 |
||
| 300 | _aРез. англ | ||
| 320 | _aБиблиогр.: с. 270-286 | ||
| 320 | _aУказ.: с. 287-298 | ||
| 330 | _aМонография посвящена греческим амфорам из второй части коллекции Краснодарского государственного историко-археологического музея-заповедника (помимо сосудов из Прикубанского некрополя). Издание состоит из введения, двух глав, каталога и разных приложений. В первой главе изложена история формирования собрания тарных амфор Краснодарского музея, во второй содержится описание 37 керамических комплексов с тарой различных центров производства. В каталоге даются подробные характеристики 349 остродонных амфор, приводятся аналогии и датировки по существующим классификациям. Издание снабжено указателями. Для специалистов в области античной археологии и истории | ||
| 606 | 1 |
_aАмфоры античные _yПричерноморье _2nlr_sh2 _3RU\NLR\AUTH\661459193 |
|
| 606 | 1 |
_aАмфоры античные _xАрхеологические исследования _xМузейные коллекции _2nlr_sh2 _3RU\NLR\AUTH\6601690160 |
|
| 675 |
_a069(470.620-25):903.23(38) _v4 |
||
| 686 | 1 | _aТ4(2)33-415 | |
| 686 | 1 | _aТ4(0)32-415л61 | |
| 701 | 1 |
_aМонахов _bС. Ю. _cд-р ист. наук _f1952- _gСергей Юрьевич _3RU\NLR\AUTH\770187761 |
|
| 701 | 1 |
_aМарченко _bИ. И. _cканд. ист. наук _f1955- _gИван Иванович _3RU\NLR\AUTH\770245146 |
|
| 701 | 1 |
_aЛимберис _bН. Ю. _gНаталья Юрьевна |
|
| 712 | 0 | 2 |
_aКраснодарский государственный историко-археологический музей-заповедник им. Е. Д. Фелицына _3RU\NLR\AUTH\8810181370 _4570 |
| 942 | _cBOOK | ||
| 980 | _aNB | ||